[Event "Barcelona Sant Marti op-B 23rd"]
[Site "Barcelona"]
[Date "2023.07.20"]
[Round "8"]
[White "Muhammad, Qasim"]
[Black "Ramirez Cruz, Alberto"]
[Result "0-1"]
[WhiteElo "1818"]
[BlackElo "1614"]
[PlyCount "40"]
[EventDate "2023.07.13"]
[EventType "swiss"]
[EventRounds "9"]
[EventCountry "ESP"]
[SourceTitle "CBM 215 Extra"]
[Source "ChessBase"]
[SourceDate "2023.09.30"]
[SourceVersion "1"]
[SourceVersionDate "2023.09.30"]
[SourceQuality "1"]

1. e4 c6 2. d4 d5 3. exd5 cxd5 4. Bd3 Nc6 5. c3 Nf6 6. Bf4 Bg4 7. Qb3 Qd7 8. Nd2 e6 9. Ngf3 Bd6 10. Bxd6 Qxd6 11. 0-0 0-0 12. Rae1 Bxf3 13. Nxf3 Qc7 14. Ne5 Nxe5 15. Rxe5 Ng4 16. Rh5 g6 17. Rh4 h5 18. Qd1 Kg7 19. Qf3 Rab8 20. h3 Qh2# 0-1

[Event "Barcelona Sant Marti op-B 23rd"]
[Site "Barcelona"]
[Date "2023.07.17"]
[Round "5"]
[White "Volart Buil, Jordi"]
[Black "Muhammad, Qasim"]
[Result "0-1"]
[WhiteElo "1580"]
[BlackElo "1818"]
[PlyCount "124"]
[EventDate "2023.07.13"]
[EventType "swiss"]
[EventRounds "9"]
[EventCountry "ESP"]
[SourceTitle "CBM 215 Extra"]
[Source "ChessBase"]
[SourceDate "2023.09.30"]
[SourceVersion "1"]
[SourceVersionDate "2023.09.30"]
[SourceQuality "1"]

1. d4 d5 2. c4 c6 3. cxd5 cxd5 4. Nc3 Nf6 5. Bf4 Nc6 6. e3 a6 7. Nf3 Bf5 8. a3 Rc8 9. Rc1 e6 10. Be2 h6 11. b4 Be7 12. 0-0 g5 13. Bg3 Nh5 14. Ne5 Nxg3 15. hxg3 Nxe5 16. dxe5 Qc7 17. Qd4 Qd8 18. Na4 0-0 19. Nc5 Qb6 20. Nd7 Qxd4 21. exd4 Rfe8 22. Nc5 Rc7 23. Rc3 Rec8 24. Rfc1 g4 25. Na4 Rxc3 26. Rxc3 Rxc3 27. Nxc3 f6 28. f4 gxf3 29. gxf3 fxe5 30. dxe5 d4 31. Nd1 a5 32. Nb2 axb4 33. axb4 Bxb4 34. Bc4 Kf7 35. Kf2 Ke7 36. Ke2 Bc2 37. Nd3 Ba5 38. Nf4 Bc7 39. Bd3 Ba4 40. Ng6+ Kf7 41. f4 b5 42. Nh4 b4 43. Nf3 Bb6 44. Kd2 Bc6 45. Ne1 b3 46. Bb1 Ba5+ 47. Kd1 Bc3 48. Ke2 Bb5+ 49. Nd3 Ke7 50. Kf3 h5 51. Kg2 Bc6+ 52. Kh3 Bf3 53. Nc5 Bd1 54. Bd3 Bc2 55. Nxb3 Bxd3 56. g4 hxg4+ 57. Kxg4 Be2+ 58. Kg5 d3 59. f5 Bxe5 60. fxe6 Kxe6 61. Nc5+ Kd5 62. Nxd3 Bxd3 0-1

[Event "Barcelona Sant Marti op-B 23rd"]
[Site "Barcelona"]
[Date "2023.07.16"]
[Round "4"]
[White "Muhammad, Qasim"]
[Black "Terron Eroles, Jose"]
[Result "1-0"]
[WhiteElo "1818"]
[BlackElo "1544"]
[PlyCount "39"]
[EventDate "2023.07.13"]
[EventType "swiss"]
[EventRounds "9"]
[EventCountry "ESP"]
[SourceTitle "CBM 215 Extra"]
[Source "ChessBase"]
[SourceDate "2023.09.30"]
[SourceVersion "1"]
[SourceVersionDate "2023.09.30"]
[SourceQuality "1"]

1. e4 c5 2. Nf3 d6 3. Bb5+ Nc6 4. 0-0 a6 5. Bc4 Nf6 6. d3 e6 7. a4 Be7 8. Nc3 0-0 9. h3 Re8 10. Bf4 d5 11. exd5 exd5 12. Ba2 h6 13. Qd2 Bf5 14. Ne2 Bd6 15. Ng3 Bh7 16. Rfe1 Qc7 17. Be3 d4 18. Bxh6 Bxg3 19. Qg5 Bg6 20. Qxg6 1-0

[Event "Barcelona Sant Marti op-B 19th"]
[Site "Barcelona"]
[Date "2017.07.20"]
[Round "8"]
[White "Gonzalez Moreno, Antoni"]
[Black "Muhammad, Qasim"]
[Result "1-0"]
[WhiteElo "1734"]
[BlackElo "1899"]
[PlyCount "63"]
[EventDate "2017.07.13"]
[EventType "swiss"]
[EventRounds "9"]
[EventCountry "ESP"]
[SourceTitle "EXT 2018"]
[Source "ChessBase"]
[SourceDate "2017.10.13"]
[SourceVersion "1"]
[SourceVersionDate "2017.10.13"]
[SourceQuality "1"]

1. c4 Nf6 2. Nc3 e5 3. g3 d5 4. cxd5 Nxd5 5. Bg2 Nb6 6. e3 Nc6 7. a3 a5 8. b3 Be7 9. Qc2 Be6 10. Nge2 Qd7 11. Bb2 f6 12. d4 exd4 13. exd4 Nxd4 14. Nxd4 Qxd4 15. 0-0 Qc5 16. Rfe1 Bd5 17. Qf5 Rd8 18. Rac1 g6 19. Qf4 Bxg2 20. Kxg2 Qd6 21. Qe3 Kf7 22. Kg1 Rhe8 23. Nb5 Qd2 24. Qe6+ Kf8 25. Rxc7 Nd5 26. Bxf6 Nxc7 27. Bxe7+ Kg7 28. Nxc7 Rf8 29. Bxf8+ Rxf8 30. Ne8+ Kh6 31. Qh3+ Kg5 32. Re5+ 1-0

[Event "Barcelona Sant Marti op-B 19th"]
[Site "Barcelona"]
[Date "2017.07.17"]
[Round "5"]
[White "Muhammad, Qasim"]
[Black "Tortosa Moros, Joan"]
[Result "1-0"]
[WhiteElo "1899"]
[BlackElo "1672"]
[PlyCount "59"]
[EventDate "2017.07.13"]
[EventType "swiss"]
[EventRounds "9"]
[EventCountry "ESP"]
[SourceTitle "EXT 2018"]
[Source "ChessBase"]
[SourceDate "2017.10.13"]
[SourceVersion "1"]
[SourceVersionDate "2017.10.13"]
[SourceQuality "1"]

1. e4 c5 2. Nf3 Nc6 3. d4 cxd4 4. Nxd4 g6 5. c4 Bg7 6. Nc2 d6 7. Be2 f5 8. Nc3 fxe4 9. Nxe4 Bf5 10. Ng3 Bxc2 11. Qxc2 Nf6 12. Be3 Qa5+ 13. Kf1 0-0 14. h4 h5 15. Qxg6 Qe5 16. Nf5 Ng4 17. Bxg4 hxg4 18. Nh6+ Kh8 19. Nxg4 Qxb2 20. Rb1 Qxa2 21. Rh3 Qxc4+ 22. Kg1 Qf7 23. Qd3 Qh5 24. Rg3 b6 25. Rb5 Qf7 26. Rg5 Ne5 27. Nxe5 Bxe5 28. Bd4 Bf6 29. Qf5 Bg7 30. Rh5+ 1-0

[Event "Barcelona Sant Marti op-B 19th"]
[Site "Barcelona"]
[Date "2017.07.14"]
[Round "2"]
[White "Del Valle, Clemence"]
[Black "Muhammad, Qasim"]
[Result "1/2-1/2"]
[WhiteElo "1759"]
[BlackElo "1899"]
[PlyCount "147"]
[EventDate "2017.07.13"]
[EventType "swiss"]
[EventRounds "9"]
[EventCountry "ESP"]
[SourceTitle "EXT 2018"]
[Source "ChessBase"]
[SourceDate "2017.10.13"]
[SourceVersion "1"]
[SourceVersionDate "2017.10.13"]
[SourceQuality "1"]

1. e4 e6 2. d4 d5 3. exd5 exd5 4. Bd3 Nc6 5. c3 Bd6 6. Ne2 Bg4 7. h3 Bh5 8. Qb3 Nge7 9. Nf4 Bg6 10. Bxg6 hxg6 11. Nxd5 Nxd5 12. Qxd5 0-0 13. Be3 Re8 14. Qf3 Qg5 15. 0-0 Qb5 16. b3 Qd3 17. Rd1 Qc2 18. Rd2 Qf5 19. Qxf5 gxf5 20. g3 Bxg3 21. fxg3 Rxe3 22. Kf2 Rae8 23. d5 Nb8 24. c4 f4 25. g4 Rxh3 26. Kg2 Rg3+ 27. Kf2 Rxg4 28. Nc3 Nd7 29. Nb5 Nc5 30. Rd4 c6 31. dxc6 bxc6 32. Nxa7 Ne4+ 33. Kf3 Rg3+ 34. Kxf4 g5+ 35. Kf5 Rf3+ 36. Kg4 Rf4+ 37. Kh3 Nf2+ 38. Kg3 Rxd4 39. Kxf2 Rf4+ 40. Kg2 Re2+ 41. Kg1 Rf6 42. Nc8 Re4 43. Kh2 g4 44. a4 Rf2+ 45. Kg1 g3 46. a5 Ree2 47. a6 Ra2 48. Rxa2 Rxa2 49. Ne7+ Kf8 50. Nxc6 Rxa6 51. Nd4 Ke8 52. Kg2 Rd6 53. Nf5 Rd2+ 54. Kxg3 Rd3+ 55. Kf4 Rxb3 56. Ke5 Rf3 57. c5 Rf1 58. c6 Kd8 59. Nd4 Kc7 60. Kd5 Rd1 61. Kc5 Rxd4 62. Kxd4 Kxc6 63. Ke5 Kd7 64. Kf6 Ke8 65. Kf5 Ke7 66. Ke5 f6+ 67. Kf5 Kf7 68. Kf4 Kf8 69. Kf5 Kg7 70. Kf4 Kg6 71. Kg4 f5+ 72. Kf4 Kf6 73. Kf3 Kg5 74. Kg3 1/2-1/2

[Event "Barcelona Sant Marti op-B 19th"]
[Site "Barcelona"]
[Date "2017.07.13"]
[Round "1"]
[White "Muhammad, Qasim"]
[Black "Mas Sayos, Lluis"]
[Result "1-0"]
[WhiteElo "1899"]
[BlackElo "1668"]
[PlyCount "87"]
[EventDate "2017.07.13"]
[EventType "swiss"]
[EventRounds "9"]
[EventCountry "ESP"]
[SourceTitle "EXT 2018"]
[Source "ChessBase"]
[SourceDate "2017.10.13"]
[SourceVersion "1"]
[SourceVersionDate "2017.10.13"]
[SourceQuality "1"]

1. e4 c5 2. Nf3 a6 3. Nc3 e6 4. a3 Nc6 5. d4 cxd4 6. Nxd4 Qc7 7. Be2 Nf6 8. 0-0 d6 9. Be3 Be7 10. Nb3 0-0 11. f4 Rd8 12. Qe1 b5 13. Qg3 Bd7 14. Rad1 b4 15. axb4 Nxb4 16. Rd2 Bc6 17. Bf3 a5 18. Nd4 d5 19. Nxc6 Nxc6 20. e5 Nd7 21. b3 Rab8 22. Na4 Rb4 23. Nb2 Bc5 24. Qf2 d4 25. Bxd4 Nxd4 26. Kh1 Nxb3 27. Rxd7 Rxd7 28. Qg3 Nd4 29. Nd3 Rc4 30. Be4 Nf5 31. Qf3 Be7 32. Nf2 g6 33. Bd3 Rc3 34. Ne4 Kg7 35. Nxc3 Qxc3 36. g4 Nd4 37. Qg2 Rc7 38. f5 Bh4 39. f6+ Kg8 40. Rb1 Rc8 41. Qh3 g5 42. Qg2 Nc6 43. Qe4 Nxe5 44. Qxh7+ 1-0

[Event "Barcelona Gotic op 1st"]
[Site "Barcelona"]
[Date "2017.06.13"]
[Round "8"]
[White "Muhammad, Qasim"]
[Black "Comellas Blanchart, Jordi"]
[Result "0-1"]
[WhiteElo "1903"]
[BlackElo "2136"]
[PlyCount "136"]
[EventDate "2017.04.25"]
[EventType "swiss"]
[EventRounds "9"]
[EventCountry "ESP"]
[SourceTitle "EXT 2018"]
[Source "ChessBase"]
[SourceDate "2017.10.13"]
[SourceVersion "1"]
[SourceVersionDate "2017.10.13"]
[SourceQuality "1"]

1. e4 e5 2. Nf3 Nc6 3. Bb5 a6 4. Ba4 Nf6 5. 0-0 Be7 6. Re1 b5 7. Bb3 d6 8. c3 0-0 9. h3 Nb8 10. d4 Nbd7 11. Nbd2 Bb7 12. Bc2 Re8 13. Nf1 Bf8 14. Ng3 g6 15. a4 Bg7 16. Bg5 h6 17. Bd2 c5 18. d5 c4 19. a5 Nc5 20. Nh2 Bc8 21. f4 exf4 22. Bxf4 Ra7 23. Qf3 Rae7 24. Bxh6 Nfxe4 25. Nxe4 Nxe4 26. Bf4 Bf5 27. Red1 Qc7 28. Ng4 Bxg4 29. hxg4 Qd7 30. Rf1 g5 31. Bxe4 Rxe4 32. Bxg5 Rxg4 33. Bf6 Rg6 34. Bxg7 Kxg7 35. Rf2 Re5 36. Raf1 f6 37. Qd1 Qa7 38. Re1 Re3 39. Rxe3 Qxe3 40. Qe2 Rg3 41. Kf1 Qc1+ 42. Qe1 Qxe1+ 43. Kxe1 Re3+ 44. Re2 Rxe2+ 45. Kxe2 Kg6 46. g4 Kg5 47. Kf3 f5 48. gxf5 Kxf5 49. Ke3 Ke5 50. Kf3 Kxd5 51. Kf4 Ke6 52. Ke4 d5+ 53. Kf4 Kf6 54. Kf3 Kf5 55. Ke3 Ke5 56. Ke2 Ke4 57. Kd2 d4 58. cxd4 Kxd4 59. Kc2 b4 60. Kd2 c3+ 61. bxc3+ bxc3+ 62. Kc2 Kc4 63. Kc1 Kb5 64. Kc2 Kb4 65. Kb1 Kxa5 66. Kc2 Kb4 67. Kb1 Kb3 68. Kc1 c2 0-1

[Event "Barcelona Gotic op 1st"]
[Site "Barcelona"]
[Date "2017.06.06"]
[Round "7"]
[White "Muhammad, Qasim"]
[Black "Gil Gil, Antoni"]
[Result "1-0"]
[WhiteElo "1903"]
[BlackElo "1811"]
[PlyCount "49"]
[EventDate "2017.04.25"]
[EventType "swiss"]
[EventRounds "9"]
[EventCountry "ESP"]
[SourceTitle "EXT 2018"]
[Source "ChessBase"]
[SourceDate "2017.10.13"]
[SourceVersion "1"]
[SourceVersionDate "2017.10.13"]
[SourceQuality "1"]

1. e4 c5 2. Nf3 g6 3. d4 cxd4 4. Nxd4 Nc6 5. c4 Bg7 6. Nc2 Nf6 7. Nc3 0-0 8. Be2 b6 9. 0-0 Bb7 10. Bf4 Na5 11. f3 Rc8 12. Ne3 Nh5 13. Bg5 Ba6 14. Ncd5 f6 15. Bh4 e6 16. Nb4 Bxc4 17. f4 Bxe2 18. Qxe2 Bh6 19. Nd3 Qc7 20. Rac1 Nc6 21. Qg4 Qd6 22. Rc3 Qd4 23. Qf3 b5 24. Bf2 Qd6 25. Ng4 1-0